00695nam a22002057a 450000500170000001000150001702000270003203500140005903700150007308200100008810000190009824500460011726000450016327000670020830000260027550000220030194200240032399900190034795201230036620180711142348.0 aENG-123443 c1695.00a9789350300220 aEN-106975 bDBAD/PUB.  a620.5 aKapoor, Manish aEra of nanotechnology /cby Manish Kapoor aNew DelhibOxford University Pressc2012 a2/11, Ground Floor, Ansari Road, Daryaganj,bNew Delhie110002 a280p.c22cm(Hb)bill. aIt includes index 2ddccENh620.5mKAP c153835d153835 001040718NFICaDBADbLd2018-07-11eDBAD/PUBg1695.00l0o620.5 KAPpEN-106975r2018-07-11 00:00:00t1v1695.00yEN